000
00272nam a2200109Ia 4500
008
190914s9999||||xx |||||||||||||| ||und||
100
_a
Hafiz Naseemuddin
245
0
_a
Pakistan kay Mah-w-Saal
260
_a
Islamabad
_b
Saeed Publications
_c
1990
300
_a
550
942
_c
BK
999
_c
9661
_d
9661